Other nations' colonies / (Record no. 131045)

MARC details
000 -LEADER
fixed length control field 00817nam a22002297a 4500
005 - DATE AND TIME OF LATEST TRANSACTION
control field 20170124110121.0
010 ## - LIBRARY OF CONGRESS CONTROL NUMBER
LC control number 148295
020 ## - INTERNATIONAL STANDARD BOOK NUMBER
Terms of availability 00.00
035 ## - SYSTEM CONTROL NUMBER
System control number 148295
037 ## - SOURCE OF ACQUISITION
Source of stock number/acquisition Cen Lib/Ret
040 ## - CATALOGING SOURCE
Original cataloging agency DPL
Language of cataloging EN
082 ## - DEWEY DECIMAL CLASSIFICATION NUMBER
Classification number 940.2
Item number STA
100 ## - MAIN ENTRY--PERSONAL NAME
Personal name Stamp, A. H.
9 (RLIN) 30661
245 ## - TITLE STATEMENT
Title Other nations' colonies /
Statement of responsibility, etc by A.H. Stamp
260 ## - PUBLICATION, DISTRIBUTION, ETC. (IMPRINT)
Name of publisher, distributor, etc Courier Printing and Publishing
Place of publication, distribution, etc Tunbridge Wells
Date of publication, distribution, etc 1954
270 ## - ADDRESS
City Tunbridge Wells
300 ## - PHYSICAL DESCRIPTION
Extent 509p.
Dimensions 20cm(Hb)
500 ## - GENERAL NOTE
General note Includes bibliographical references and index<br/>
650 ## - SUBJECT ADDED ENTRY--TOPICAL TERM
Topical term or geographic name as entry element Colonies -- History
9 (RLIN) 30662
650 ## - SUBJECT ADDED ENTRY--TOPICAL TERM
Topical term or geographic name as entry element Colonies
9 (RLIN) 30663
942 ## - ADDED ENTRY ELEMENTS (KOHA)
Source of classification or shelving scheme Dewey Decimal Classification
Koha item type English Books
Classification part 940.2
Call number suffix STA
Holdings
Withdrawn status Lost status Damaged status Not for loan Home library Current library Date acquired Source of acquisition Cost, normal purchase price Total Checkouts Full call number Barcode Date last seen Date checked out Copy number Cost, replacement price Price effective from Koha item type
        Central Library Central Library 13/07/2015 C 0.00 1 940.2 STA 148295 31/10/2018 01/10/2018 1 0.00 13/07/2015 English Books

© Delhi Public Library
Hit Counter
free hit counter